1404 1573 1782 1312 1125 1420 1957 1306 1525 1236 1159 1133 1869 1527 1296 1787 1804 1142 1076 1827 1589 1514 1392 1844 1285 1802 1956 1493 1305 1959 1556 1300 1104 1946 1898 1383 1019 1032 1716 1328 1956 1446 1064 1736 1959 1971 1440 1875 1715 1725 1592 1099 1005 1022 1007 1723 1480 1875 1108 1914 1305 1582 1155 1289 1276 1482 1123 1479 1713 1850 1852 1684 1743 1876 1169 1919 1674 1219 1958 1699 1524 1100 1764 1776 1080 1196 1198 1264 1438 1792 1930 1081 1211 1432 1811 1402 1313 1983 1081 BCNSPRNW ULIB Ver.6.0+V

เปลี่ยนเป็นภาษาไทย

Change to English
 แสดงรายละเอียดบรรณานุกรม
  กลับหน้าหลัก

Brief Record : Get Marc (ISO 2709) : E-mail record : QR code < ปิดหน้าต่าง
LEADER : 00000nam 2200000uu 4500
001    13399111984
003     ULIB
008    110627s2552||||th 000 0 tha d
020    9786115200092
090    นว.^bป535ฝ 2552
100 0  ปั้นหยา
245 00 ฝากหัวใจไว้ใกล้รัก/^cปั้นหยา
250    พิมพ์ครั้งที่ 1
260    กรุงเทพฯ :^b1168 พับลิชชิ่ง,^c2552
300    282 หน้า
710 1  1168 พับลิชชิ่ง
945    ^p189^l0^i027757
995    ทศพร
999 ^a ใช้งานได้ทุกระบบ
รายการนี้ยังไม่มีแท็ก
คุณยังไม่ได้ล็อกอิน คุณสามารถมีกิจกรรมร่วมกับเว็บไซต์ได้ แต่ต้องล็อกอินก่อน ::
  ล็อกอิน

รายการสื่อสารสนเทศ

ลำดับที่ ประเภท เลขเรียก/บาร์โค้ด สถานที่ สถานะ
- ไม่พบข้อมูล -

รายการใกล้เคียง
    ผู้แต่ง [ปั้นหยา]

BibComment


ยังไม่เคยถูกคอมเมนท์

คอมเมนท์ทรัพยากรรายการนี้
  คอมเมนท์: ฝากหัวใจไว้ใกล้รั..


 Copyright 2026. Bcnsprnw @Library